000 00529 a2200169 4500
999 _c5157
_d5157
020 _a0006499228
050 _aPR6029 O'BR 1981
100 _aO'brian, Patrick
_eauthor
245 _aThe ionian mission /
_cPatrick O'brian
264 _aLondon :
_bHarper Collins,
_c1981.
300 _a378p. :
500 _aFiction
650 _aAubrey, Jack (Fictitious character) -- Fiction
650 _aMaturin, Stephen (Fictitious character) -- Fiction
650 _aNapoleonic Wars, 1800-1815 -- Fiction
942 _2lcc
_cBK
_h6029
_iO'BR
_kPR